000 nam a22 a 4500
999 _c4360
_d4360
003 AKMAL
005 20170529103547.0
008 170529t2006 -usa g 001 0 eng d
020 _a1576753484
020 _a9781576753484
040 _aAKMAL
082 0 4 _a658.312404 KIR
_222
090 0 0 _a658.312404
_bKIR
100 1 _aKirkpatrick, Donald L.
_98499
245 1 0 _aEvaluating training programs :
_bthe four level /
_cDonald L. Kirkpatrick and James D. Kirkpatrick
250 _a3rd ed.
260 _aSan Francisco, CA :
_bBerrett-Koehler Publishers,
_cc2006
300 _axvii, 379p. :
_bill. ;
_c24cm.
504 _aIncludes bibliographical references and index
650 1 0 _aEmployees
_xTraining of
_xEvaluation
_96500
650 2 0 _aEmployees
_98500
700 1 _aKirkpatrick, James M.
_98501
942 _2ddc
_cBOOK
950 _lAKMAL